Normal view
MARC view
- Administración financiera
Entry Materia
001 - NÚMERO DE CONTROL DEL REGISTRO
- campo de control: 499
003 - IDENTIFICADOR DE NUMERO DE CONTROL
- campo de control: MX-MxUPN
005 - FECHA Y HORA DE LA ÚLTIMA TRANSACCIÓN
- campo de control: 20231025102931.0
008 - DATOS DE LONGITUD FIJA
- campo de control de longitud fija: 231025nn annnnbabn n ana |d
035 ## - NÚMERO DE CONTROL DEL SISTEMA
- Número de control del sistema: UPN10000000499
040 ## - FUENTE DE LA CATALOGACIÓN
- Lengua de catalogación: spa
- Centro catalogador de origen: MX-MxUPN
053 #4 - NÚMERO CLASIFICADOR - BIBLIOTECA DEL CONGRESO (LC)
- Elemento numérico de la clasificación - Número único o no. inicial del rango: HG4026
150 ## - ENCABEZAMIENTO - TEMÁTICO
- Término de materia o nombre geográfico como elemento inicial: Administración financiera
670 ## - FUENTE EN LA QUE SE LOCALIZARON DATOS
- Cita de la fuente: LEMB, 1998 :
- Enlace: página 20 (Administración financiera)
902 ## - CATALOGADOR
- Catalogador: MITM/030999
- Catalogador: VíctorGodínez/251023
